| 000 | 00867nmm a2200277 a 4500 | ||
|---|---|---|---|
| 001 | ocm000782486 | ||
| 003 | TR-IsHL | ||
| 005 | 20201028152455.0 | ||
| 008 | 150709s2007 tu tur | ||
| 007 | cr cn | ||
| 020 | _a9789756565308 | ||
| 035 |
_a782486 _b(N$T) |
||
| 050 | 0 | 4 |
_aPL248.A77 _bE8 2007 |
| 090 | 0 | 4 |
_aPL248.A77 _bE8 2007 |
| 100 | 1 | _aArslan, Mahmut | |
| 245 | 1 | 0 |
_aEtkileşenler: bir sosyal sorumluluk romanı _h[electronic resource] / _cMahmut Arslan |
| 250 | _a1. bs. | ||
| 260 |
_aAnkara : _bPhoenix Yayınevi, _c2007 |
||
| 300 | _a144 p. | ||
| 650 | 4 | _aDil ve Edebiyat | |
| 650 | 4 | _aLanguage and Literature | |
| 650 | 0 | _aTürk romanı | |
| 650 | 0 | _aTurkish fiction | |
| 650 | 7 |
_aLITERARY COLLECTIONS / Middle Eastern _2bisacsh |
|
| 856 | 4 | 0 | _uhttp://search.ebscohost.com/login.aspx?direct=true&scope=site&db=e011xww&AN=782486 |
| 999 |
_c11545 _d11545 |
||